[Event "Zehlendorf op"]
[Site "Berlin"]
[Date "2012.05.31"]
[Round "3"]
[White "Minkov, Boris"]
[Black "Bauer, Stefan"]
[Result "1-0"]
[WhiteElo "1375"]
[BlackElo "1655"]
[PlyCount "49"]
[EventDate "2012.05.10"]
[EventType "swiss"]
[EventRounds "7"]
[EventCountry "GER"]
[SourceTitle "EXT 2022"]
[Source "ChessBase"]
[SourceDate "2021.10.06"]
[SourceVersion "1"]
[SourceVersionDate "2021.10.06"]
[SourceQuality "1"]

1. e4 c5 2. Nf3 e6 3. d4 cxd4 4. Nxd4 a6 5. Nc3 Be7 6. Be3 d6 7. Qd2 Nd7 8. 0-0-0 h6 9. f4 Ngf6 10. Be2 Nc5 11. Bf3 Bd7 12. g4 Rb8 13. g5 hxg5 14. fxg5 Ng8 15. h4 g6 16. Nde2 Qa5 17. Nf4 Rd8 18. h5 Bxg5 19. hxg6 Rxh1 20. Rxh1 Bf6 21. gxf7+ Kxf7 22. Rh7+ Bg7 23. Qf2 Nb3+ 24. axb3 Qe5 25. Bh5+ 1-0